| 000 | 00390 a2200169 4500 | ||
|---|---|---|---|
| 001 | 184926 | ||
| 020 | _a85-08-05776-8 | ||
| 040 | _cMagnum | ||
| 100 | _aRey, Marcos | ||
| 240 | 1 | 0 |
_aO coração roubado e outras crônicas _lpor |
| 245 | 1 | 0 | _aO coração roubado e outras crônicas |
| 300 | _a105 | ||
| 362 | 0 | _a1996 | |
| 440 | 1 | _aÁtica | |
| 697 | _aLITERATURA JUVENIL | ||
| 942 | _cBK | ||
| 999 |
_c184926 _d184926 |
||